Responses for Show #3531 - Monday, January 3, 2000

Jack Archey game 4.
First show of the 2000s.

Contestants

[<< previous game]

Allan Kreda, a journalist from New York City, New York

Jeannie Sanke, a Ph.D. candidate and part-time bank teller from Evanston, Illinois

Jack Archey, a C.P.A. and comedian from Los Angeles, California (whose 3-day cash winnings total $33,301)

[next game >>]

Jeopardy! Round responses

AROUND THE GLOBE
TV PERSONALITIES
ENGLISH SHIPS
CALL ME STEVE
I WROTE A BOOK!
CONVERBS
(Alex: As opposed to proverbs.)
    $100 11
British Columbia

Jeannie
    $100 1
Susan Lucci

Jack
    $100 21
Titanic

Jack
    $100 6
Steve McQueen

Jack
    $100 16
Tom Brokaw

Jeannie
    $100 23
boils

Jack
    $200 12
the Great Barrier Reef

Jack
    $200 2
Connie Chung

Allan
    $200 22
Lusitania

Jack
    $200 7
Steve Young

Allan
    $200 17
Maria Shriver

Allan
    $200 24
a bridge

Jeannie
    $300 13
Karachi

Jack
    $300 3
Barbara Walters

Jeannie
    $500 26
(Alex: We have about a minute to go, Allan, and this clue is all yours.)
...
(Allan: Who is Admiral Falstaff?)

Admiral Nelson

Allan
    $300 8
Steve Martin

Allan
    $300 18
Fannie Flagg

Triple Stumper
    $300 25
the elbow

Allan
    $400 14
the Caspian Sea

Jack
    $400 4
The Simpsons

Jeannie
    $400 27
the Golden Hind

Triple Stumper
    $400 9
Steve Allen

Jack
    $400 19
Janeane Garofalo

Allan
    $400 29
Tomorrow

Jeannie
    $500 15
(Allan: What is Tahiti?)
...
(Alex: We're going for the place, the capital--[*]; capital of Tahiti.)

Papeete

Allan
Triple Stumper
    $500 5
Craig Kilborn

Jack
    $500 28
the Bounty

Jeannie
    $500 10
Steve Miller

Jack
    $500 20
(Jeannie: Who is Ed Wood?)

Roger Corman

Jeannie
Triple Stumper
    $500 30
Mistakes

Jeannie

Scores at the first commercial break (after clue 15):

Jack Jeannie Allan
$2,500 $800 $200

Scores at the end of the Jeopardy! Round:

Jack Jeannie Allan
$2,900 $2,000 $600

Double Jeopardy! Round responses

U.S. GOVERNMENT
MUSCLING IN
IMAX FILMS
THE RAINBOW
VEEPS BY MIDDLE NAME
(Alex: Vice presidents of the United States.)
SPEAK IN HAWAIIAN
    $200 2
president pro tempore

Jack
    $200 13
stomach muscles (or your abs)

Allan
    $200 24
Everest

Jeannie
    $200 12
Kermit

Jack
    $200 7
(Spiro T.) Agnew

Jack
    $200 1
Aloha

Jack
    $400 3
[Jeannie gives both responses.]

the USDA (the Department Agriculture)

Jeannie
    $400 20
gluteus

Jack
    $400 25
the Grand Canyon

Jack
    $400 18
a prism

Allan
    $400 8
(Nelson A.) Rockefeller

Jack
    $400 14
Ono

Allan
    $600 4
(Jack: What is the Library of Congress?)

the GPO (Government Printing Office)

Jack
Triple Stumper
    $600 21
rotator

Jack
    $600 26
(Alex: He's from there.)

Egypt

Jeannie
    $600 19
red, orange, yellow

Jack
    $600 9
(Allan: Who is Abraham Lincoln?)

(John C.) Breckinridge

Allan
Triple Stumper
    $600 15
Kahuna

Jeannie
    $800 5
the Secretary of State

Triple Stumper
    $500 22
(Jack: Uh, what are the forceps?)
(Alex: No, [*], [*].)
(Jack: Okay.)
(Alex: Forceps is an instrument. And it doesn't help you straighten your knee. A minute to go.)

quadriceps

Jack
    $800 27
[The end-of-round signal sounds.]

Mir

Jeannie
    $1,000 10
(John C.) Calhoun

Jack
    $800 16
Wiki wiki

Allan
    $1000 6
(Jeannie: What is God?)
...
(Alex: You may use the word "affirm" instead.)

swear

Jeannie
Triple Stumper
    $1000 23
(Jeannie: What is a snatcher?)

an abductor

Jeannie
Triple Stumper
    $1000 11
(Jeannie: From Evanston!)

(Charles G.) Dawes

Jeannie
    $1000 17
Hukilau

Triple Stumper

Scores at the end of the Double Jeopardy! Round:

Jack Jeannie Allan
$6,000 $3,600 $1,800

[wagering suggestions for these scores]

Final Jeopardy! Round responses

FROM PLAY TO BALLET
(Alex: [To Jeannie] It was his wife. His girlfriend was Trixie.)
(Jeannie: Oh. I did not know that.)
AllanWho is Desdamona?
$1,799
JeannieWho is Othello's girlfriend?
$3,000
JackWho is Desdemona?
$1,201
Desdemona

Final scores:

Jack Jeannie Allan
$7,201 $600 $3,599
4-day champion: $40,502 3rd place: Siemens Gigaset 2420 cordless phone system 2nd place: Kaypro 2100 Desktop PC + a Topix Online gift certificate

Game dynamics:

Coryat scores:

Jack Jeannie Allan
$6,300 $3,600 $2,300
21 R
(including 1 DD),
2 W
(including 1 DD)
14 R,
3 W
10 R,
3 W
(including 1 DD)

Combined Coryat: $12,200

[game clues] [game scores] [suggest correction]

Game tape date: 1999-11-03
The J! Archive is created by fans, for fans. Scraping, republication, monetization, and malicious use prohibited; this site may use cookies and collect identifying information. See terms. The Jeopardy! game show and all elements thereof, including but not limited to copyright and trademark thereto, are the property of Jeopardy Productions, Inc. and are protected under law. This website is not affiliated with, sponsored by, or operated by Jeopardy Productions, Inc. Join the discussion at JBoard.tv.